Pays du Groupe D - QCM Euro 2024 - Statistiques

Statistiques générales
  • Ce quiz a été pris 117 fois
  • Le résultat moyen est 12 sur 15
Statistiques - réponses
Question Réponse % Correct
Lequel a déjà remporté la Coupe du Monde ? France
100%
Lequel a Olivier Giroud comme buteur ? France
96%
Lequel a Paris pour capitale ? France
95%
Lequel a Ronald Koeman comme sélectionneur ? Pays-Bas
95%
Dans lequel évoluent les clubs du PSV, de l’Ajax et de l’AZ ? Pays-Bas
94%
Lequel n’a pas de A dans son nom ? Pologne
93%
Lequel compte Piotr Zieliński, Jakub Kiwior et Krzysztof Piątek dans ses rangs ? Pologne
91%
Lequel n’était pas à la dernière Coupe du Monde ? Autriche
81%
Lequel a atteint 3 fois la finale de Coupe du Monde, avec un total de 3 défaites ?! Pays-Bas
81%
Lequel a remporté l’Euro le plus de fois ? France
78%
Lequel est réputé pour se situer en dessous du niveau de la mer ? Pays-Bas
77%
Lequel n’a pas d’accès à la mer ? Autriche
75%
Lequel a l’Allemand pour langue officielle ? Autriche
74%
Lequel n’a pas Nike pour équipementier ? Autriche
58%
Lequel a été éliminé par l’Italie lors de l’Euro 2020 ? Autriche
33%
Aucun quiz correspondant
Distribution des résultats
% des personnes avec chaque résultat
Percentile par nombre de réponses
Votre historique - résultats
Vous n’avez pas pris ce quiz